000
00296nam a22001217a 4500
008
180905b xxu||||| |||| 00| 0 eng d
041
_a
eng
080
_a
941
100
_a
16
101
_a
HIS
245
_a
THe Development Of Westrn Teschnology Sincce 1500
_c
Hughes.Th.P
942
_2
udc
_c
BK
999
_c
47564
_d
47564